000 02929cam a22011654i 4500
003 PE-LiUPU
005 20250813185334.0
008 160921s r 000 0 spa d
020 _a9788448127367
035 _a(Sirsi) a163673
049 _aPRUA
082 0 4 _a338.7
_bC21
100 1 _aCanals Margalef, Jordi,
_eautor.
245 1 3 _aLa gestión del crecimiento de la empresa /
_cJordi Canals Margalef.
264 _aEspaña :
_bMacGrawHill,
_c2000.
300 _a216 páginas ;
_c23centímetros.
336 _text
_2rdacontent
337 _unmediated
_2rdamedia
338 _volume
_2rdacarrier
500 _aBibliografía : páginas 211-216.
505 0 _aEl crecimiento de la empresa: ¿Una cuestión relevante para los directivos? -- Estrategias de crecimiento: algunas tipologías -- Un modelo explicativo del crecimiento de la empresa -- El contexto externo de la empresa: oportunidades que aceleran el crecimiento -- El concepto de negocio: El corazón del crecimiento -- La evaluación de decisiones de crecimiento -- Los límites del crecimiento de la empresa.
526 _aP202
526 _aP201
526 _aP163
526 _aP162
526 _aP161
526 _aP160
526 _aP148
526 _aP147
526 _aP146
526 _aP145
526 _aP144
526 _aP143
526 _aP142
526 _aP141
526 _aP140
526 _aP139
526 _aP138
526 _aP137
526 _aP136
526 _aP135
526 _aP134
526 _aP133
526 _aP129
526 _aP128
526 _aP127
526 _aP120
526 _aP119
526 _aP118
526 _aP116
526 _aP115
526 _aP114
526 _aP110
526 _aP109
526 _aP108
526 _aP104
526 _aP103
526 _aP102
526 _aP99
526 _aP98
526 _aP97
526 _aP96
526 _aP95
526 _aP93
526 _aP90
526 _aP89
526 _aP88
526 _aP83
526 _aP82
526 _aP62
526 _aP59
526 _aP58
526 _aP57
526 _aP51
526 _aP49
526 _aP48
526 _aP47
526 _aP29
526 _aP24
526 _aP20
526 _aP19
526 _aP17
526 _aP15
526 _aP14
526 _aP12
526 _aP10
526 _aP09
526 _aP08
526 _aP07
526 _aP06
526 _aP05
526 _aP04
526 _aP01
650 1 7 _aEconomía de la empresa.
_2embne
650 1 7 _aEmpresas
_xCrecimiento.
_2embne
596 _a1
942 _2ddc
_cBOOK
999 _a338.7 C21
_wDEWEY
_c12538
_i74505
_d12538
_e2018-4-24
_f2021-12-14
_g5
_lCCODEBUL1
_mBUL
_n1
_q2
_r0
_sY
_tBOOK
_u2016-9-21
_xFCE
_PP04
_0COMPRA
_o.STAFF. Colección FCE
980 _81
_gALBERTO SANCHEZ Responsable de Automatización